[Event "Wch U10 blitz"]
[Site "Minsk"]
[Date "2018.06.24"]
[Round "1"]
[White "Christensen, John Christoffer H"]
[Black "Shevchenko, Vladislav"]
[Result "1-0"]
[WhiteElo "1773"]
[BlackElo "1220"]
[PlyCount "162"]
[EventDate "2018.06.24"]
[EventType "swiss (blitz)"]
[EventRounds "9"]
[EventCountry "BLR"]
[SourceTitle "EXT 2019"]
[Source "ChessBase"]
[SourceDate "2018.10.10"]
[SourceVersion "1"]
[SourceVersionDate "2018.10.10"]
[SourceQuality "1"]

1. e4 e5 2. Nf3 d6 3. d4 Nc6 4. Bb5 exd4 5. Nxd4 Bd7 6. Nxc6 Bxc6 7. Bxc6+ bxc6 8. 0-0 Nf6 9. Re1 Be7 10. c4 c5 11. Nc3 0-0 12. Qf3 Qd7 13. Be3 Qg4 14. Qxg4 Nxg4 15. Nd5 Bd8 16. Bd2 Nf6 17. Ba5 c6 18. Bxd8 Rfxd8 19. Nxf6+ gxf6 20. Rad1 Rab8 21. Re2 Re8 22. Rxd6 Rbc8 23. f3 Re6 24. Rd7 a6 25. Red2 Ree8 26. R2d6 Kg7 27. Kf2 h6 28. b3 Kg6 29. h4 Kg7 30. g3 Kg6 31. Ke3 Re6 32. g4 Rxd6 33. Rxd6 Kg7 34. Rd7 Kg6 35. Ke2 Kg7 36. Ra7 Kf8 37. Rxa6 Ke7 38. Ra7+ Ke6 39. Ra5 Kd6 40. Ra7 Ke6 41. a4 Rb8 42. Rc7 Rxb3 43. Rxc6+ Ke7 44. Rxc5 Ra3 45. a5 Ra2+ 46. Ke3 Ra3+ 47. Kf4 Ke6 48. g5 hxg5+ 49. hxg5 fxg5+ 50. Kxg5 f6+ 51. Kf4 Ra4 52. Ke3 Ra3+ 53. Ke2 Ra2+ 54. Kf1 Ra1+ 55. Kg2 Ra2+ 56. Kh3 Ra3 57. Kg4 Rb3 58. f4 Rb1 59. e5 Rg1+ 60. Kf3 Rf1+ 61. Kg3 Rg1+ 62. Kf2 Ra1 63. exf6 Kxf6 64. Ke3 Re1+ 65. Kd2 Rf1 66. f5 Ra1 67. Kc3 Rc1+ 68. Kb4 Rb1+ 69. Ka4 Ra1+ 70. Kb5 Rb1+ 71. Kc6 Ra1 72. Kb7 Rb1+ 73. Ka7 Ra1 74. a6 Rb1 75. Ka8 Rb6 76. a7 Ke7 77. Rb5 Rd6 78. Kb7 Rd7+ 79. Ka6 Rd6+ 80. Rb6 Rd8 81. Rb8 Rd6+ 1-0